CONTABILIDAD DE COSTOS: UN ENFOQUE GERENCIAL (Registro nro. 195426)
[ vista simple ]
| 000 -LEADER | |
|---|---|
| campo de control de longitud fija | 00769nam a2200277Ia 4500 |
| 005 - FECHA Y HORA DE LA ÚLTIMA TRANSACCIÓN | |
| campo de control | 20250425160742.0 |
| 008 - DATOS DE LONGITUD FIJA--INFORMACIÓN GENERAL | |
| campo de control de longitud fija | 250425s9999 xx 000 0 und d |
| 020 ## - NÚMERO INTERNACIONAL ESTÁNDAR DEL LIBRO | |
| Número Internacional Estándar del Libro | 9688805025 |
| 041 ## - CÓDIGO DE IDIOMA | |
| Código de lengua del texto/banda sonora o título independiente | spa |
| 043 ## - CÓDIGO DE ÁREA GEOGRÁFICA | |
| Código de área geográfica | mx |
| 082 ## - NÚMERO DE LA CLASIFICACIÓN DECIMAL DEWEY | |
| Número de clasificación | 657.42 |
| 010 ## - NÚMERO DE CONTROL DE LA BIBLIOTECA DEL CONGRESO | |
| Número de control de LC | 4400 |
| 100 ## - ENTRADA PRINCIPAL--NOMBRE DE PERSONA | |
| Nombre de persona | HORNGREN, CHARLES T. |
| 245 #0 - MENCIÓN DEL TÍTULO | |
| Título | CONTABILIDAD DE COSTOS: UN ENFOQUE GERENCIAL |
| 250 ## - MENCION DE EDICION | |
| Mención de edición | 8A ED. |
| 260 ## - PUBLICACIÓN, DISTRIBUCIÓN, ETC. | |
| Lugar de publicación, distribución, etc. | MEXICO |
| 260 ## - PUBLICACIÓN, DISTRIBUCIÓN, ETC. | |
| Lugar de publicación, distribución, etc. | México |
| Nombre del editor, distribuidor, etc. | PRENTICE-HALL HISPANOAMERICANA, S.A |
| Fecha de publicación, distribución, etc. | 1996 |
| 300 ## - DESCRIPCIÓN FÍSICA | |
| Extensión | 970 |
| 500 ## - NOTA GENERAL | |
| Nota general | Título Traducido: COST ACCOUNTING A MANAGERIAL EMPHASIS |
| 650 ## - PUNTO DE ACCESO ADICIONAL DE MATERIA--TÉRMINO DE MATERIA | |
| Término de materia o nombre geográfico como elemento de entrada | ANALISIS DE COSTOS |
| 650 ## - PUNTO DE ACCESO ADICIONAL DE MATERIA--TÉRMINO DE MATERIA | |
| Término de materia o nombre geográfico como elemento de entrada | CONTABILIDAD DE COSTOS |
| 650 ## - PUNTO DE ACCESO ADICIONAL DE MATERIA--TÉRMINO DE MATERIA | |
| Término de materia o nombre geográfico como elemento de entrada | CONTROL DE COSTOS |
| 650 ## - PUNTO DE ACCESO ADICIONAL DE MATERIA--TÉRMINO DE MATERIA | |
| Término de materia o nombre geográfico como elemento de entrada | COSTOS DE PRODUCCION |
| 700 ## - ENTRADA AGREGADA--NOMBRE PERSONAL | |
| Nombre de persona | ADOLFO DERAS QUIÑONES |
| Término indicativo de función/relación | traductor |
| 942 ## - ELEMENTOS DE ENTRADA SECUNDARIOS (KOHA) | |
| Tipo de ítem Koha | Libros |
| Estatus retirado | Estado de pérdida | Estado de daño | No para préstamo | Biblioteca de origen | Biblioteca actual | Ubicación en estantería | Fecha de adquisición | Coste, precio normal de compra | Total de préstamos | Código de barras | Copia número | Nota pública | Tipo de ítem Koha | Etiqueta RFID |
|---|---|---|---|---|---|---|---|---|---|---|---|---|---|---|
| CENTRO DE INFORMACIÓN BIBLIOTECARIA | CENTRO DE INFORMACIÓN BIBLIOTECARIA | 08/03/2004 | 5.00 | 28789 | 1 | Libros | ||||||||
| CENTRO DE INFORMACIÓN BIBLIOTECARIA | CENTRO DE INFORMACIÓN BIBLIOTECARIA | 01/09/2004 | 27.00 | 33420 | 8 | Libros | 0000000000000000018800 | |||||||
| CENTRO DE INFORMACIÓN BIBLIOTECARIA | CENTRO DE INFORMACIÓN BIBLIOTECARIA | 26/04/2002 | 27.00 | 33591 | 10 | Libros | ||||||||
| CENTRO DE INFORMACIÓN BIBLIOTECARIA | CENTRO DE INFORMACIÓN BIBLIOTECARIA | 31/08/2004 | 27.00 | 39017 | 11 | Libros | ||||||||
| CENTRO DE INFORMACIÓN BIBLIOTECARIA | CENTRO DE INFORMACIÓN BIBLIOTECARIA | 28/10/2003 | 27.00 | 33212 | 2 | Libros | ||||||||
| CENTRO DE INFORMACIÓN BIBLIOTECARIA | CENTRO DE INFORMACIÓN BIBLIOTECARIA | 07/09/2004 | 27.00 | 33558 | 9 | Libros | ||||||||
| CENTRO DE INFORMACIÓN BIBLIOTECARIA | CENTRO DE INFORMACIÓN BIBLIOTECARIA | 30/08/2004 | 30.00 | D-27879 | 14 | Libros | ||||||||
| ESCUELA DE NEGOCIOS | ESCUELA DE NEGOCIOS | 20/11/2003 | 4.00 | CP-00707 | 16 | COMPRA | ||||||||
| ESCUELA DE NEGOCIOS | ESCUELA DE NEGOCIOS | 20/11/2003 | 4.00 | CP-00708 | 17 | COMPRA | ||||||||
| ESCUELA DE NEGOCIOS | ESCUELA DE NEGOCIOS | 13/07/2001 | 4.00 | CP-00709 | 18 | COMPRA | ||||||||
| ESCUELA DE NEGOCIOS | ESCUELA DE NEGOCIOS | 12/09/2001 | 4.00 | CP-00710 | 19 | COMPRA | ||||||||
| ESCUELA DE NEGOCIOS | ESCUELA DE NEGOCIOS | 20/11/2003 | 10.00 | D-P 07124 | 23 | DONADO | ||||||||
| ESCUELA DE NEGOCIOS | ESCUELA DE NEGOCIOS | 20/11/2003 | 19.00 | CP-00935 | 20 | COMPRA | ||||||||
| ESCUELA DE NEGOCIOS | ESCUELA DE NEGOCIOS | 20/11/2003 | 20.00 | CP-01386 | 21 | COMPRA | ||||||||
| ESCUELA DE NEGOCIOS | ESCUELA DE NEGOCIOS | 13/07/2001 | 32.00 | CP-01387 | 22 | COMPRA |